00701nam a22002177a 450000500170000001000130001702000220003003500130005203700160006504000120008108200180009310000190011124500830013026000450021327000430025830000320030150000510033365000420038465000320042670000250045820170124110003.0 aA-597006 c00.00a8170244889 aA-597006 bCen Lib/Ret aDPLbEN a363.2954bMIS aMishra, Rashmi aPolice and social change in India /cby Rashmi Mishra [and] Samarendra Mohanty aNew DelhibAshish Publishing Housec1992 a8/18. Panjabi Bagh bNew Delhie110026 axiv,229p. ;b21cm(Hb)cill. aIncludes bibliographical references and index. aPolice-community relations -- India.  aPolice-community relations. aMohanty, Samarendra